Peaky Blinders Trivia Quiz - Statistics

General Stats
  • This quiz has been taken 3,065 times
  • The average score is 8 of 15
Answer Stats
Questions Answer % Correct
Which actor portrays Tommy Shelby? Cillian Murphy
95%
In which war did the Shelby brothers fight? World War I
81%
What is the name of Peaky Blinders' usual pub? The Garrison
67%
Who is John Shelby married to? Esme Lee
62%
What brings Inspector Campbell to Birmingham? Stolen guns
61%
Name all Shelby siblings (in order of age) Arthur, Tommy, Ada, John, Finn
60%
Where is Alfie Solomon' headquarters? Camden Town
60%
Who is season 4 main villain? Luca Changretta
58%
What is Polly's real first name? Elizabeth
49%
What weapons do Peaky Blinders hide into their peaked caps? Razor blades
49%
Who is Tommy's love interest during season 2? May Carleton
41%
What is the name of the afro-caribbean local preacher? Jeremiah Jesus
38%
How are Michael, Polly, Arthur and John about to be killed at the beginning of season 4? Hanged
34%
What is Shelby brothers' motto? In the bleak midwinter
23%
How does Freddie Thorne die? Pestilence
18%
No matching quizzes found
Score Distribution
Percent of People with Each Score
Percentile by Number Answered
Your Score History
You have not taken this quiz